NBA Draft 2022 Round 1 - Statistiques

Statistiques générales
  • Ce quiz a été pris 334 fois
  • Le résultat moyen est 12 sur 30
Statistiques - réponses
Hint Réponse % Correct
1 Paolo Banchero Magic
98%
2 Chet Holmgren OKC
90%
3 Jabari Smith Rockets
80%
4 Keegan Murray Kings
77%
5 Jaden Ivey Pistons
74%
6 Bennedict Mathurin Pacers
67%
12 Jalen Williams OKC
64%
15 Mark Williams Hornets
64%
7 Shaedon Sharpe Blazers
62%
9 Jeremy Sochan Spurs
58%
13 Jalen Duren Hornets/Pistons
50%
11 Ousmane Dieng Knicks/OKC
50%
8 Dyson Daniels Pelicans
34%
10 Johnny Davis Wizards
32%
16 A J Griffin Hawks
31%
24 Marjon Beauchamp Bucks
28%
27 Nikola Jovic Heat
27%
21 Christian Braun Nuggets
26%
17 Tari Eason Rockets
25%
14 Ochai Agbaji Cavs
22%
22 Walker Kessler Grizzlies
20%
20 Malaki Branham Spurs
18%
19 Jake Laravia Wolves
16%
28 Patrick Baldwin Jr. Warriors
16%
29 Tyty Washington Jr. Grizzlies
16%
23 David Roddy Sixers/Grizzlies
15%
18 Dalen Terry Bulls
12%
30 Peyton Watson OKC/Nuggets
12%
25 Blake Wesley Spurs
9%
26 Wendell Moore Jr. Mavs
5%
Aucun quiz correspondant
Distribution des résultats
% des personnes avec chaque résultat
Percentile par nombre de réponses
Votre historique - résultats
Vous n’avez pas pris ce quiz